000 00414nam a2200169Ia 4500
001 24456
005 20260414151044.0
008 260414t2014||||xx |||||||||||||| ||spa||
041 _aESP
082 _a345.7
_bQ62
100 _aQuintanilla y Paz-Soldán, Fernando
_eAUT
245 0 _aPara dominar el código procesal civil
_b
260 _c2014
650 _aDER
654 _aCDE
942 _cLIB
_dJUS
_fJUS
_2ddc
_n
999 _c24456
_d24456